| 000 | 01352cam a22003977a 4500 | ||
|---|---|---|---|
| 003 | CHAP | ||
| 005 | 20220329141001.0 | ||
| 008 | 971013s1995 r 10010 d | ||
| 010 | _a60921 | ||
| 011 | _a61893 | ||
| 035 | _a66065 | ||
| 040 | _cCHAP | ||
| 082 |
_a634.063 _bC64 1995 |
||
| 111 | 0 | 0 |
_aCurso de Actualización Panorama Internacional de la Comercialización Frutícola _n(8 _d: 1995 _c: Coatepec Harinas, Méx.) _930585 |
| 245 | 0 | _aMemoria | |
| 260 |
_aCoatepec Harinas, Méx. : _bFundación Salvador Sánchez Colin, _c1995 |
||
| 300 | _a278 h. | ||
| 500 | _aContiene 16 trabajos | ||
| 590 |
_aBATCH-UPD _b10 _c20130110 _lUCH01 _h0717 |
||
| 590 |
_aBATCH-UPD _b10 _c20130410 _lUCH01 _h0402 |
||
| 590 |
_aBATCH-UPD _b10 _c20130914 _lUCH01 _h0926 |
||
| 590 |
_aCONVERSION _b10 _c20130109 _lUCH01 _h1333 |
||
| 650 | 1 | 4 |
_aChirimoya _xMéxico. _922616 |
| 650 | 1 | 4 |
_aCítricos _xMéxico. _924454 |
| 650 | 1 | 4 |
_aDiospyros kaki. _932663 |
| 650 | 1 | 4 |
_aFrambuesa. _942867 |
| 650 | 1 | 4 |
_aFruta _xEvaluación. _943614 |
| 650 | 1 | 4 |
_aFruta _xMercadeo _xMéxico. _943639 |
| 650 | 1 | 4 |
_aFruticultura _zMéxico. _943762 |
| 650 | 1 | 4 |
_aMangostán. _970468 |
| 650 | 1 | 4 |
_aZarzamora. _9123730 |
| 790 | _aCentral de Abastos del Distrito Federal | ||
| 901 | _aBK | ||
| 942 | _cLIBRO | ||
| 949 |
_a634.063 C64 1995 _bBC _cCONG _d33724000618609 _eCONG _h90881 _i66065 _mD. _si |
||
| 999 |
_c60921 _d60921 |
||